| 000 | 00445nam a2200157 i 4500 | ||
|---|---|---|---|
| 001 | 47340 | ||
| 003 | ES-MaACL | ||
| 005 | 20230906161538.0 | ||
| 007 | t| | ||
| 008 | 030407s1917 fr ||||1| fre d | ||
| 100 | 1 |
_aCoquiot, Gustave. _940438 |
|
| 245 | 1 | 0 |
_aRadin a l'hotel de Biron et a Mendon / _cpar Gustave Coquiot. |
| 260 |
_aParis : _bG. de Malherbe et Cie, _c1917. |
||
| 300 |
_a224 p., 50 lám. ; _c29 cm. |
||
| 852 |
_aES-MaACL _jF-12918 |
||
| 999 |
_c47340 _d47340 |
||